000 00316nam a22001337a 4500
008 171031b xxu||||| |||| 00| 0 eng d
020 _a9780324015003
041 _aeng
080 _214TH
_a33
100 _a59
101 _aBUS
245 _aBUSINESS LAW & THE REGULATORY ENVIRONMENT
_cTWOMEY.D.P
942 _2udc
_cBK
999 _c36853
_d36853